| 000 | 01173nam a2200265 i 4500 | ||
|---|---|---|---|
| 001 | 59423 | ||
| 003 | ES-MaACL | ||
| 005 | 20250402184425.0 | ||
| 007 | t| | ||
| 008 | 031029s1946 mx ||||1| spa d | ||
| 245 | 0 | 0 |
_aEnsayos sobre el ciclo económico / _cseleccionados bajo la dirección de Gottfried Haberler ; versión española dirigida por Víctor L. Urquidi. |
| 250 | _a[1ª ed. en español]. | ||
| 260 |
_aMéxico : _bFondo de Cultura Económica, _c[1946] ( _fGráf. Panamericana) |
||
| 300 |
_a507 p. : _bil. ; _c24 cm. |
||
| 510 |
_aCCPB, _c001327635-2 |
||
| 650 | 4 |
_910923 _aCiclos económicos |
|
| 651 | 7 |
_9137273 _aMéxico |
|
| 700 | 1 |
_aHaberler, Gottfried. _961374 |
|
| 700 | 1 |
_aUrquidi, Víctor L. _9112203 |
|
| 852 |
_aES-MaACL _jD-6522 _bR.30364 _bR.M.6113 _961680 _cSVI _fSello en tinta azul de la Biblioteca del Ateneo de Madrid _gAnotación manuscrita en cubierta: "12" _gAnotación manuscrita en hoja de guarda: "65.55" _zEn cubierta: "22.DIC.1950". |
||
| 942 |
_2udc _cMONOGRAFIA |
||
| 999 |
_c59423 _d59423 |
||